000 00803nam a22002297a 4500
003 OSt
005 20210309165745.0
008 210309s2016 ck ao||er|||| 00| 0 spa d
020 _a9789585829497
040 _aCO-JMCR
_cCO-JMCR
041 0 _aspa
082 0 4 _a641.5636 /
_bD492d
_223
100 1 _aDevi Dasi, Kamala Manjary,
_eautora
_914631
245 1 0 _aDelicias veganas :
_bsaludables, sustentables /
_crecetas por, Kamala Manjary Devi Dasi
260 _aBogotá :
_bSeva,
_c2016
300 _a567 páginas :
_bilustraciones y fotografías a color ;
_c19 cm.
650 1 4 _aCocina vegetariana
_914632
650 2 4 _aAlimentos naturales
_914633
650 2 4 _aRecetarios
_911282
700 _aDas, Hari Sankirtan, revisorSecundaria personal:Vipralambha Devi Dasi, revisor
_914634
942 _2ddc
_cBK
999 _c7513
_d7513